Histoire de l'ecole d'Alexandrie comparee aux principales ecoles contemporaines /

Bibliographic Details
Main Author: Matter, Jacques, 1791-1864
Format: Book
Language:French
Published: Paris : Hachette, 1840-1848.
Edition:2. ed., entierement retondue.
Subjects:

MARC

Tag First Indicator Second Indicator Subfields
LEADER 00000cam a2200000 a 4500
001 in00000069435
005 20151008053354.0
008 820918m1840 fr 00010 fre d
035 |a (OCoLC)08787275 
035 |9 AAH7210AM 
040 |a TXA  |c TXA  |d UtOrBLW 
049 |a TXAM  |d [  |v =t.]  |v 1 [1561062]  |v 2 [1561063]  |v 3 [1561064] 
090 |a AZ301  |b .M3 1840a 
100 1 |a Matter, Jacques,  |d 1791-1864. 
245 1 0 |a Histoire de l'ecole d'Alexandrie comparee aux principales ecoles contemporaines /  |c ouvrage couronne par l'institut par M. Matter. 
250 |a 2. ed., entierement retondue. 
264 1 |a Paris :  |b Hachette,  |c 1840-1848. 
300 |a 3 volumes :  |b map ;  |c 22 cm. 
336 |a text  |b txt  |2 rdacontent 
337 |a unmediated  |b n  |2 rdamedia 
338 |a volume  |b nc  |2 rdacarrier 
650 0 |a Alexandrian school. 
651 0 |a Alexandria (Egypt)  |x Libraries and museums. 
999 |a MARS 
999 f f |s 22d4c001-0d79-3eb5-babc-3918e0a6f50c  |i 0a67a73a-67bb-334c-b6d7-97a448b252fe  |t 0 
952 f f |p ric  |a Texas A&M University  |b Rellis Campus  |c Joint Library Facility  |d Remote Storage  |t 0  |e AZ301 .M3 1840a  |h Library of Congress classification  |i unmediated -- volume  |k t.1  |m A14805957071 
952 f f |p ric  |a Texas A&M University  |b Rellis Campus  |c Joint Library Facility  |d Remote Storage  |t 0  |e AZ301 .M3 1840a  |h Library of Congress classification  |i unmediated -- volume  |k t.2  |m A14805957089 
952 f f |p ric  |a Texas A&M University  |b Rellis Campus  |c Joint Library Facility  |d Remote Storage  |t 0  |e AZ301 .M3 1840a  |h Library of Congress classification  |i unmediated -- volume  |k t.3  |m A14805957097 
998 f f |a AZ301 .M3 1840a  |s t.1-3  |t 0  |l Remote Storage